| 000 | 00712nam a22001935i 4500 | ||
|---|---|---|---|
| 001 | 158306 | ||
| 003 | ES-MaACL | ||
| 005 | 20230906211107.0 | ||
| 008 | 040826s1873 gw |||| | eng d | ||
| 040 |
_aCAM _bspa _cCAM |
||
| 100 | 1 |
_aLytton, Edward Bulwer Lytton _cBaron. _974965 |
|
| 245 | 1 | 0 |
_aKenelm Chillingly _b: his adventures and opinions / _cby Edward Bulwer, lord Lytton. |
| 260 |
_aLeipzig : _bBernhard Tauchnitz, _c1873. |
||
| 300 |
_a4 v. (288; 288; 288; 279 p.) ; _c16 cm. |
||
| 490 | 1 |
_aCollection of british authors ; _v1308-1311 |
|
| 830 | 0 |
_aCollection of british authors ; _v1308-1311 _9180703 |
|
| 852 |
_aES-MaACL _jG-11409-11410 _z-- Enc. hol. _z-- 4 t. en 2 v. |
||
| 999 |
_c158306 _d158306 |
||